000 00719cam a22001571 4500
082 _a604.2
_bFOR
_cL-12, P-40
100 1 _aForbes, Raymond S.
_940394
245 1 0 _aTechnical drawing for trade students,
_ba course of practical instruction for use in technical schools, junior technical institutes, and especially for those preparing for the RoyaL society of arts "Grouped course examination",
_cby Raymond S. Forbes, with 240 illustrations arranged on 67 plates.
260 _aLondon,
_bBatsford
_c[1946]
300 _avii, 124 p.
_billus.
_c22 cm.
500 _a"First published 1946."
526 _a0
_b0
_c0
_d604_200000000000000_FOR
650 0 _aMechanical drawing.
650 0 _aNUST / MCE
_926909
942 _2ddc
_cBK
999 _c544697
_d544697